Financování reprodukce základních prostředků Výklad k vyhlášce č.153/1980. Sb.

Salvato in:
Dettagli Bibliografici
Autore principale: Hnízdová, Olga
Altri autori: Marek, Tomáš
Natura: Libro
Lingua:ceco
Pubblicazione: Praha Státní komise pro vědeckotechnický a investičný rozvoj 1985
Edizione:1. vyd.
Serie:Příručky investiční výstavby
Tags: Aggiungi Tag
Nessun Tag, puoi essere il primo ad aggiungerne!!

MARC

LEADER 00000nam a2200000 4500
001 c039419
005 20250916065934.6
041 0 |a cze 
044 |a CZ 
245 1 0 |a Financování reprodukce základních prostředků  |b Výklad k vyhlášce č.153/1980. Sb.  |c Olga Hnízdová, Tomáš Marek 
250 |a 1. vyd. 
264 1 |a Praha  |b Státní komise pro vědeckotechnický a investičný rozvoj  |c 1985 
300 |a 80 s. 
490 1 |a Příručky investiční výstavby 
830 0 |a Příručky investiční výstavby 
100 1 |a Hnízdová, Olga 
700 1 |a Marek, Tomáš